Oeuvres complètes / (Record no. 104923)

MARC details
000 -LEADER
campo de control de longitud fija 00795nam a2200229 i 4500
001 - NÚMERO DE CONTROL
campo de control 104923
003 - IDENTIFICADOR DE NÚMERO DE CONTROL
campo de control ES-MaACL
005 - FECHA Y HORA DE LA ÚLTIMA TRANSACCIÓN
campo de control 20230906183727.0
007 - CAMPO FIJO DE DESCRIPCIÓN FÍSICA--INFORMACIÓN GENERAL
campo de control de longitud fija t|
008 - DATOS DE LONGITUD FIJA--INFORMACIÓN GENERAL
campo de control de longitud fija 060529s1943 fr ||||1| fre d
080 ## - NÚMERO DE LA CLASIFICACIÓN DECIMAL UNIVERSAL
Número de la Clasificación Decimal Universal 2(081) Pseudo Dionisio Areopagita
100 1# - ENTRADA PRINCIPAL--NOMBRE DE PERSONA
Nombre de persona Pseudo Dionisio Areopagita.
9 (RLIN) 94102
245 10 - MENCIÓN DEL TÍTULO
Título Oeuvres complètes /
Mención de responsabilidad, etc. du Pseudo-Denys l'Aréopagite ; traduction, préface et notes par Maurice de Gandillac.
260 ## - PUBLICACIÓN, DISTRIBUCIÓN, ETC.
Lugar de publicación, distribución, etc. Paris :
Nombre del editor, distribuidor, etc. Montaigne,
Fecha de publicación, distribución, etc. [1943]
300 ## - DESCRIPCIÓN FÍSICA
Extensión 392 p. ;
Dimensiones 19 cm.
490 1# - MENCIÓN DE SERIE
Mención de serie Bibliothèque philosophique
500 ## - NOTA GENERAL
Nota general Biblioteca Jacinto Martínez Lacalle.
700 0# - ENTRADA AGREGADA--NOMBRE PERSONAL
Nombre de persona Gandillac, Maurice de,
Fechas asociadas al nombre 1906-2006
9 (RLIN) 53842
830 0# - PUNTO DE ACCESO ADICIONAL DE SERIE-TÍTULO UNIFORME
Título uniforme Bibliothèque philosophique
9 (RLIN) 184873
852 ## - LOCALIZACIÓN
Ubicación ES-MaACL
Número de control de estantería E-11316
Sublocalización o colección R.138974
Holdings
Estatus retirado Estado de pérdida Estado de daño No para préstamo Biblioteca de origen Biblioteca actual Ubicación en estantería Fecha de adquisición Fuente de adquisición Total de préstamos Signatura topográfica completa Código de barras Visto por última vez Precio de reemplazo Tipo de ítem Koha
        Biblioteca del Ateneo de Madrid Biblioteca del Ateneo de Madrid Depósito 2 17/01/2008     E-11316 1109537 23/02/2023 23/02/2023 Libro impreso